Introduction to Egyptian archaeology, with special reference to the Egyptian Museum, Cairo.

Saved in:

Main Author: Engelbach, Reginald, 1888-1946.

Corporate Author: Egypt. Maṣlaḥat al-Āthār.

Format: Book

Language: English

Published: Cairo : General Organisation for Govt. Print. Offices, 1961.

Edition: 2nd ed.

Subjects:

Tags: Add Tag

No Tags, Be the first to tag this record!

Call Number: DT59 .E5 1961

LEADER 00949nam a2200265I 4500
001 4195
003 OSt
005 20260517080512.0
008 770309s1961 ua af 000 0 eng
010 |a ne 62001720 
040 |c ARCE Library 
050 4 |a DT59 .E5 1961 
100 1 |a Engelbach, Reginald,  |d 1888-1946.  |9 29622 
245 1 0 |a Introduction to Egyptian archaeology,  |b with special reference to the Egyptian Museum, Cairo. 
250 |a 2nd ed. 
264 1 |a Cairo :   |b General Organisation for Govt. Print. Offices,   |c 1961. 
300 |a 392 pages, 28 plates :   |b illus. ;   |c 25 cm. 
500 |a At head of title : United Arab Republic (Southern Region) Ministry of Culture and National Orientation. Antiquities Dept. of Egypt. 
610 2 0 |a Matḥaf al-Miṣrī 
651 0 |a Egypt  |x Antiquities. 
710 1 |a Egypt.  |b Maṣlaḥat al-Āthār. 
852 |a IN  |c 20090706155214.0n  |p 3933 
901 |a reviewed 
942 |2 lcc  |c BK 
999 |c 31051  |d 31051